| 000 | 00556nam a2200193Ia 4500 | ||
|---|---|---|---|
| 999 |
_c22725 _d22725 |
||
| 003 | OSt | ||
| 005 | 20200220100442.0 | ||
| 008 | 190216s9999||||xx |||||||||||||| ||und|| | ||
| 020 | _a8182710693 | ||
| 020 | _a9788182716674 | ||
| 040 | _coclc | ||
| 082 |
_a297.64 _bKAR/B |
||
| 100 |
_a Karakunnu, Sheikh Mohammed _91839 |
||
| 245 | 0 |
_aBilal / _cSheikh Mohammed Karakunnu |
|
| 260 |
_bIslamic Publishing House, _a2005. _cKozhikode: |
||
| 300 | _a78p | ||
| 650 | _aIslamic History | ||
| 942 |
_cBK _2ddc _h297.64 _iKAR/B _k297.64 _mKAR/B |
||